| 000 | 00538nam a2200241Ia 4500 | ||
|---|---|---|---|
| 008 | 181129s9999 xx 000 0 und d | ||
| 020 | _a9780545214919 | ||
| 050 | _bA957 1988 | ||
| 100 | _aAvi | ||
| 245 | 0 | _aSomething upstairs / | |
| 245 | 0 | _cby Avi. | |
| 260 | _aNew York, NY : | ||
| 260 | _bScholastic, | ||
| 260 | _c1988 | ||
| 300 | _a140 pages : | ||
| 300 | _billustrations ; | ||
| 300 | _c19cm. | ||
| 500 | _a580L | ||
| 650 | _aGhost stories. | ||
| 650 | _aSlavery. | ||
| 650 | _aTime travel. | ||
| 700 | _aTitle. | ||
| 999 |
_c360065 _d360065 |
||